Library Logo

Pioneer International University Library Catalogue

MANAGE BUDGETS AND CASH FLOWS:How to set and achieve financial targets in an organisation (Record no. 6596)

MARC details
000 -LEADER
fixed length control field 00346nam a22000977a 4500
005 - DATE AND TIME OF LATEST TRANSACTION
control field 20250901165615.0
008 - FIXED-LENGTH DATA ELEMENTS--GENERAL INFORMATION
fixed length control field 240328b |||||||| |||| 00| 0 eng d
050 ## - LIBRARY OF CONGRESS CALL NUMBER
Classification number HG4028 .T39 1996
245 ## - TITLE STATEMENT
Title MANAGE BUDGETS AND CASH FLOWS:How to set and achieve financial targets in an organisation
Statement of responsibility, etc. Taylor, Peter
942 ## - ADDED ENTRY ELEMENTS (KOHA)
Source of classification or shelving scheme Library of Congress Classification
Classification part HG4028 .T39 1996
Holdings
Withdrawn status Lost status Source of classification or shelving scheme Damaged status Not for loan Home library Current library Shelving location Date acquired Total checkouts Full call number Barcode Date last seen Price effective from Koha item type
    Library of Congress Classification     Main Library Main Library   03/28/2024   HG4028 .T39 1996 PIUD0000056 03/28/2024 03/28/2024 Books